Conversas do céu e da terra (Registo nº 3663)

Detalhes MARC
000 -Etiqueta do registo
Cabeçalho 00806nam a2200277 4500
005 - Identificador da versão
Campo de controlo 20240813122039.0
010 ## - Número internacional normalizado dos livros (ISBN)
Número (ISBN) 9789896141134
021 ## - Número do Depósito Legal
Código do país PT
Número 284080/08
100 ## - Dados gerais de processamento
Dados gerais de processamento 20100507d2008 c y0pory5003 ba
102 ## - Pais de publicação ou produção
País de publicação Portugal
101 0# - Língua de publicação
Língua do texto, banda sonora, etc. Português
215 ## - Descrição física 
Indicação específica da natureza do documento e extensão da espécie 20, [16] p.
Outras indicações físicas il. color.
200 1# - Titulo e menção de responsabilidade
Título próprio Conversas do céu e da terra
Primeira menção de responsabilidade Rita Sobral
Outras menções de responsabilidade il. de Cristina Ruivo e de Luís da Gama
205 ## - Menção da edição
Menção da edição 1ª ed
210 ## - Publicação, Distribuição, etc. 
Lugar da edição, distribuição, etc. Coimbra
Nome do editor, distribuidor, etc. Pé de Página
Data da publicação, distribuição, etc. 2008
300 ## - Notas gerais 
Texto da nota PNL
606 ## - Nome comum usado como assunto
Número de registo de entrada de autoridade 0000001
Palavra de ordem Literatura portuguesa
Subdivisão de assunto Conto|2CA
675 ## - Classificação Decimal Universal (CDU)
Notação 821.134.3-34
Edição 3ª ed.
Língua da edição por
702 #1 - Nome de autor-pessoa física (responsabilidade secundária)
Número de registo de entrada de autoridade 0000012
Palavra de ordem Ruivo
Outra parte do nome não tomada para palavra de ordem Cristina
Código de função Ilustrador / Técnico de desenho computorizado
Número de registo de entrada de autoridade 0000013
Palavra de ordem Gama
Outra parte do nome não tomada para palavra de ordem Luís da
Código de função Ilustrador / Técnico de desenho computorizado
700 #1 - Nome de autor-pessoa física (responsabilidade principal)
Número de registo de entrada de autoridade 0000011
Palavra de ordem Sobral
Outra parte do nome não tomada para palavra de ordem Rita
966 ## - Identificação da Biblioteca
Sigla EBVendas
942 ## - Elementos de entrada adicionados (Koha)
Tipo de item no Koha Livro
Exemplares
Situação do levantamento Origin of item (home branch) (coded) Biblioteca de empréstimo Código de barras Cota Circulation type (not for loan) Tipo de documento Nota do exemplar Damaged status
  Biblioteca Escolar das Vendas Biblioteca Escolar das Vendas BEV2088 8POR SOB PNL   Livro Sem mensagem